00621 2200193 4500001002100000005001500021035002000036245010500056100002800161250001800189300005100207856003000258700003300288260004200321082001000363084001600373020002200389650001600411INLIS00000000114737320260226111743 a0010-02260009931 aTerampil Mengelolah Barang Bekas /cPenulis; Sumarlin , Siska Tanjung, Cover;Joey, Desain isi; Josh0 aSumarlin, Siska Tanjung aCetakan Kedua a64 Halaman :bIlustrasi ;c14 x 21 c meKertas aLayanan Perpustakaan Umum0 aCover;Joey, Desain isi; Josh aYogyakarta :bLebah Buku Group,c2023 a745.5 a745.5 SUM t a978-623-5703-12-1 4aKreativitas